Actas de la IIIa Reunión iberoamericana de conservación y zoología de vertebrados
Gespeichert in:
| Format: | Buch |
|---|---|
| Sprache: | Spanisch |
| Veröffentlicht: |
Buenos Aires
Museo Argentino de Ciencias Naturales, Bernardino Rivadavia
1984
|
| Schlagworte: | |
| Tags: |
Tag hinzufügen
Keine Tags, Fügen Sie den ersten Tag hinzu!
|
MARC
| LEADER | 00000nam a2200000 a 4500 | ||
|---|---|---|---|
| 001 | UCN1784 | ||
| 003 | CL-VaPUC | ||
| 005 | 20250225111107.0 | ||
| 008 | 010504e19840000ag 1 spa d | ||
| 082 | 0 | 4 | |a 596.007 |b ACT |2 21 |
| 245 | 1 | 0 | |a Actas de la IIIa Reunión iberoamericana de conservación y zoología de vertebrados |
| 260 | |a Buenos Aires |b Museo Argentino de Ciencias Naturales, Bernardino Rivadavia |c 1984 | ||
| 300 | |a 578 p | ||
| 500 | |a Edición especial Revista del Museo Argentino de Ciencias Naturales, Bernardino Rivadavia, Zoología t.13, N§ 1-60 | ||
| 583 | |a last modification |c 20010504 00:00:00 |k Rodrigo Vera | ||
| 650 | 0 | 0 | |a Vertebrados |x Zoología |9 619905 |
| 650 | 0 | 0 | |a Investigación científica |9 259857 |
| 650 | 0 | 7 | |a FAUNA SUDAMERICANA |2 CL-VaPUC |9 619906 |
| 650 | 0 | 0 | |a Vertebrados |x Anatomía e histología |9 269673 |
| 942 | |c BK | ||
| 945 | |a cmena |d 20010504 00:00:00 | ||
| 546 | |a En Español | ||
| 518 | |p Reunión Iberoamericana de Conservación y Zoología de Vertebrados, 3, Buenos Aires, 15 al 19 de Noviembre de 1982 | ||
| 999 | |c 383656 |d 383654 | ||